|
|
|
|
| LEADER |
00697nam a22001577a 4500 |
| 008 |
141101b xxu||||| |||| 00| 0 eng d |
| 082 |
|
|
|a 181.4, BHA/G
|
| 100 |
|
|
|a Bhargava, Dayanand
|
| 245 |
|
|
|a Glimpses of Indian philosophy and Sanskrit literature /
|c [by]Dayanand Bhargava.
|
| 260 |
|
|
|a Delhi:
|b Nag,
|c 1981.
|
| 300 |
|
|
|a 231p.
|
| 650 |
|
|
|a Philosophy, India
|
| 942 |
|
|
|c BK
|
| 999 |
|
|
|c 248751
|d 248751
|
| 952 |
|
|
|0 0
|1 0
|4 0
|6 181_000000000000000_4_BHA_G
|7 0
|9 276187
|a SAN
|b SAN
|c 9
|d 2014-11-01
|g 100.00
|i 8302
|l 0
|o 181.4, BHA/G
|p SAN8302
|r 2014-11-01
|w 2014-11-01
|y BK
|
| 952 |
|
|
|0 0
|1 0
|4 0
|6 181_000000000000000_4_BHA_G
|7 0
|9 276188
|a SAN
|b SAN
|c 9
|d 2014-12-30
|g 150.00
|i 10746
|l 0
|o 181.4, BHA/G
|p SAN10746
|r 2014-12-30
|w 2014-12-30
|y BK
|